000 00291nam a22001337a 4500
008 170403b xxu||||| |||| 00| 0 eng d
020 _a9780716723325
041 _aeng
080 _a574
100 _a9
101 _aSHM
245 _aATMOSPHERIC CHANGE
_cGRAEDEL, T.E
942 _2udc
_cBK
999 _c9512
_d9512